Cálculo de costes de productos, servicios, clientes y departamentos: manual para el programa informático

Gardado en:
Detalles Bibliográficos
Main Authors: Soldevila, Pilar (Author), Temprà, Josep (Author)
Formato: Libro
Idioma:Lingua castelá
Publicado: Barcelona Gestión 2000 2003
Subjects:
Tags: Engadir etiqueta
Sen Etiquetas, Sexa o primeiro en etiquetar este rexistro!

MARC

LEADER 00000nam a2200000 a 4500
001 UCL8112
003 CL-VaPUC
008 040611e20030000SP |||||||||||||||||spa|d
020 |a 848088911X 
082 0 4 |a 657.42  |b SOL  |2 21 
100 0 |a Soldevila, Pilar  |e author  |9 486069 
700 0 |a Temprà, Josep  |e author  |9 486070 
245 1 0 |a Cálculo de costes de productos, servicios, clientes y departamentos: manual para el programa informático 
300 |a 137 p 
942 |c BK 
945 |d 20040611 00:00:00  |a cmena 
260 |a Barcelona  |b Gestión 2000  |c 2003 
500 |a Incluye CD 
650 0 |a Contabilidad de costos   |9 260564 
650 0 |a Administración  |9 259325 
650 7 |a TECNICAS ADMINISTRATIVAS  |2 CL-VaPUC  |9 338270 
650 0 |a Costos   |9 261063 
650 7 |a PROGRAMAS PARA COMPUTADOR  |2 CL-VaPUC  |9 486071 
650 0 |a Software  |9 387312 
583 |a last modification  |c 20040611 00:00:00  |k Rodrigo Vera 
999 |c 309568  |d 309566 
952 |0 0  |1 0  |4 0  |6 657_420000000000000_SOL_2003  |7 0  |8 A  |9 377090  |a BIBMEC  |b BIBMEC  |d 2019-11-21  |i 4023315  |o 657.42 SOL 2003  |p 4023315  |r 2024-01-19  |w 2019-11-21  |y BK  |k MEC